000 01959aam a2200349 i 4500
001 768714001
003 CO-MdFUSB
005 20250828194139.0
007 ta
008 231003t20052013miu||||g |||| 00| 0 spa d
020 _a9780825405303
040 _aCO-MdFUSB
_bspa
_cCO-MdFUSB
_dCO-MdFUSBC
_erda
041 _aspa
_heng
082 _223
_a248.86
_bW648
100 _aWiersbe, Warren W.
_eautor
240 _aWhen life falls apart
245 1 _aCuando la vida se derrumba
_b : respuestas bíblicas para los que sufren
_c/ Warren W. Wiersbe
250 _aedición en castellano
264 1 _aMichigan :
_bPortavoz,
_c[2005]
264 4 _c©2013
300 _a156 páginas
_c; 18 cm
336 _2rdacontent
_atexto
_btxt
337 _2rdamedia
_asin mediación
_bn
338 _2rdacarrier
_avolumen
_bnc
505 _a1. A los que sufren -- 2. La verdadera gran pregunta -- 3. ¿Cuán grande es Dios? -- 4. Respuestas desde un montón de cenizas -- 5. Imágenes del dolor -- 6. El Dios que cuida de nosotros -- 7. El Dios que sufre -- 8. Cuando la vida se derrumba ¿cómo ora usted? -- 9. Carácter -- 10. Usted nunca sufre solo -- 11. Como lidiar con el desastre -- 12. Esperanza.
520 _a¿Hay alguna razón para el dolor y el sufrimiento? ¿Porque les suceden cosas malas a las personas buenas? Las personas llevamos siglos y siglos haciendo estas mismas preguntas. En el mejor de los casos solo se ha llegado a conclusiones superficiales y muchos han abandonado el intento de responder a las preguntas verdaderamente difíciles de la vida. En cuando la vida se derrumba, usted vera que hay propósito en el sufrimiento y el dolor. Con sensibilidad y compasión, el autor ofrece percepción y conocimiento acerca de la razón por la cual las personas sufren y qué hacer cuando la vida se derrumba.
563 _aRústico
650 0 _919
_aVida cristiana
650 7 _9281
_aSufrimiento
942 _cBK
945 _asor1564
999 _c69090
_d69090